The history of aryan rule in India : (Record no. 53816)

MARC details
000 -LEADER
fixed length control field 00477nam a2200145Ia 4500
005 - DATE AND TIME OF LATEST TRANSACTION
control field 20260430133740.0
008 - FIXED-LENGTH DATA ELEMENTS--GENERAL INFORMATION
fixed length control field 260429s9999||||xx |||||||||||||| ||und||
020 ## - INTERNATIONAL STANDARD BOOK NUMBER
International Standard Book Number 9788182860698
082 ## - DEWEY DECIMAL CLASSIFICATION NUMBER
Classification number 954
Item number HAV
100 ## - MAIN ENTRY--PERSONAL NAME
Personal name Havell, Ernest Binfield
245 #4 - TITLE STATEMENT
Title The history of aryan rule in India :
Remainder of title from the earliest times to the death of akbar /
Statement of responsibility, etc Ernest Binfield Havell
260 ## - PUBLICATION, DISTRIBUTION, ETC. (IMPRINT)
Place of publication, distribution, etc Chennai :
Name of publisher, distributor, etc T.R. Publications Pvt. Ltd.,
Date of publication, distribution, etc 2024.
300 ## - PHYSICAL DESCRIPTION
Extent xxxi, 583 p.; pbk
942 ## - ADDED ENTRY ELEMENTS (KOHA)
Koha item type Coaching cell/ UGC NET Cell
Holdings
Withdrawn status Lost status Damaged status Not for loan Home library Location Shelving location Date of Cataloging Source of acquisition Total Checkouts Full call number Barcode Date last seen Price effective from Koha item type
        CUTN Central Library CUTN Central Library History & Geography 30/04/2026 UGC NET cell books   954 HAV 55458 30/04/2026 30/04/2026 Coaching cell/ UGC NET Cell